<?xml version="1.0" encoding="UTF-8"?>
<record
    xmlns:xsi="http://www.w3.org/2001/XMLSchema-instance"
    xsi:schemaLocation="http://www.loc.gov/MARC21/slim http://www.loc.gov/standards/marcxml/schema/MARC21slim.xsd"
    xmlns="http://www.loc.gov/MARC21/slim">

  <leader>02109nam a22002657a 4500</leader>
  <controlfield tag="001">10152</controlfield>
  <controlfield tag="003">FISKH</controlfield>
  <controlfield tag="005">20260428105029.0</controlfield>
  <controlfield tag="008">260428b        cb ||||| |||| 00| 0 eng d</controlfield>
  <datafield tag="020" ind1=" " ind2=" ">
    <subfield code="a">9789924342021</subfield>
  </datafield>
  <datafield tag="040" ind1=" " ind2=" ">
    <subfield code="a">FISKH</subfield>
    <subfield code="b">khr</subfield>
    <subfield code="c">FISKH</subfield>
    <subfield code="d">FISKH</subfield>
  </datafield>
  <datafield tag="082" ind1=" " ind2=" ">
    <subfield code="a">155.42 </subfield>
  </datafield>
  <datafield tag="100" ind1=" " ind2=" ">
    <subfield code="a">Kekeno , Jacqueline</subfield>
  </datafield>
  <datafield tag="245" ind1=" " ind2=" ">
    <subfield code="a">&#x17E1;&#x17E1;&#x179F;&#x17C6;&#x178E;&#x17BD;&#x179A;&#x1796;&#x17B8;&#x179C;&#x17D0;&#x1799;&#x1787;&#x17C6;&#x1791;&#x1784;&#x17CB; &#x1780;&#x17B6;&#x179A;&#x1786;&#x17D2;&#x179B;&#x1784;&#x1796;&#x17B8;&#x179C;&#x17D0;&#x1799;&#x1780;&#x17BB;&#x1798;&#x17B6;&#x179A;&#x1791;&#x17C5;&#x1796;&#x17C1;&#x1789;&#x179C;&#x17D0;&#x1799; /</subfield>
    <subfield code="c">&#x1793;&#x17B7;&#x1796;&#x1793;&#x17D2;&#x1792;&#x178A;&#x17C4;&#x1799; &#x17A0;&#x17D2;&#x179F;&#x17B6;&#x1780;&#x17CB;&#x1782;&#x17D2;&#x179B;&#x17B8;&#x1793; &#x1782;&#x17C2;&#x1780;&#x17BA;&#x178E;&#x17BC;</subfield>
  </datafield>
  <datafield tag="260" ind1=" " ind2=" ">
    <subfield code="a">Phnom Penh : </subfield>
    <subfield code="b">Sipar , </subfield>
    <subfield code="c">2024 .</subfield>
  </datafield>
  <datafield tag="300" ind1=" " ind2=" ">
    <subfield code="a">50 pages : </subfield>
    <subfield code="b">color illustrations ; </subfield>
    <subfield code="c">21 cm . </subfield>
  </datafield>
  <datafield tag="490" ind1=" " ind2=" ">
    <subfield code="a">&#x1798;&#x1782;&#x17D2;&#x1782;&#x17BB;&#x1791;&#x17C1;&#x179F;&#x1780;&#x17CF;&#x179F;&#x1798;&#x17D2;&#x179A;&#x17B6;&#x1794;&#x17CB;&#x1799;&#x17BB;&#x179C;&#x179C;&#x17D0;&#x1799;</subfield>
  </datafield>
  <datafield tag="520" ind1=" " ind2=" ">
    <subfield code="a">&#x179C;&#x17D0;&#x1799;&#x1787;&#x17C6;&#x1791;&#x1784;&#x17CB;&#x1787;&#x17B6;&#x178A;&#x17C6;&#x178E;&#x17B6;&#x1780;&#x17CB;&#x1780;&#x17B6;&#x179B;&#x1795;&#x17D2;&#x179B;&#x17B6;&#x179F;&#x17CB;&#x1794;&#x17D2;&#x178F;&#x17BC;&#x179A;&#x1781;&#x17D2;&#x179B;&#x17B6;&#x17C6;&#x1784;&#x1794;&#x17C6;&#x1795;&#x17BB;&#x178F;&#x179A;&#x1794;&#x179F;&#x17CB;&#x1798;&#x1793;&#x17BB;&#x179F;&#x17D2;&#x179F;&#x1798;&#x17D2;&#x1793;&#x17B6;&#x1780;&#x17CB;&#x17D7;&#x1782;&#x17BA;&#x1795;&#x17D2;&#x179B;&#x17B6;&#x179F;&#x17CB;&#x1794;&#x17D2;&#x178F;&#x17BC;&#x179A;&#x1795;&#x17D2;&#x1793;&#x17C2;&#x1780;&#x179A;&#x17B6;&#x1784;&#x1780;&#x17B6;&#x1799;&#x1793;&#x17B7;&#x1784;&#x1785;&#x17B7;&#x178F;&#x17D2;&#x178F;&#x1782;&#x17C6;&#x1793;&#x17B7;&#x178F; &#x17A0;&#x17BE;&#x1799;&#x1780;&#x17D2;&#x1793;&#x17BB;&#x1784;&#x1796;&#x17C1;&#x179B;&#x1793;&#x17C1;&#x17C7;&#x178A;&#x17C2;&#x179A;&#x1780;&#x17CF;&#x1798;&#x17B6;&#x1793;&#x1780;&#x17B6;&#x179A;&#x1799;&#x179B;&#x17CB;&#x1785;&#x17D2;&#x179A;&#x17A1;&#x17C6;&#x1785;&#x17D2;&#x179A;&#x17BE;&#x1793; &#x1793;&#x17B7;&#x1784;&#x1780;&#x17B6;&#x179A;&#x1785;&#x1784;&#x17CB;&#x179F;&#x17D2;&#x1782;&#x17B6;&#x179B;&#x17CB;&#x1794;&#x1791;&#x1796;&#x17B7;&#x179F;&#x17C4;&#x1792;&#x1793;&#x17CF;&#x1790;&#x17D2;&#x1798;&#x17B8;&#x17D7;&#x1787;&#x17B6;&#x1785;&#x17D2;&#x179A;&#x17BE;&#x1793;&#x1793;&#x17C5;&#x1780;&#x17D2;&#x1793;&#x17BB;&#x1784;&#x1787;&#x17B8;&#x179C;&#x17B7;&#x178F; &#x17D4; &#x179F;&#x17C0;&#x179C;&#x1797;&#x17C5;&#x1793;&#x17C1;&#x17C7;&#x1787;&#x17B6;&#x1798;&#x1782;&#x17D2;&#x1782;&#x17BB;&#x1791;&#x17C1;&#x179F;&#x1780;&#x17CF;&#x1798;&#x17BD;&#x1799;&#x178A;&#x17C2;&#x179B;&#x1785;&#x17B6;&#x17C6;&#x1794;&#x17B6;&#x1785;&#x17CB;&#x179F;&#x1798;&#x17D2;&#x179A;&#x17B6;&#x1794;&#x17CB;&#x1780;&#x17B6;&#x179A;&#x1799;&#x179B;&#x17CB;&#x178A;&#x17B9;&#x1784;&#x17A2;&#x17C6;&#x1796;&#x17B8;&#x1780;&#x17B6;&#x179A;&#x1786;&#x17D2;&#x179B;&#x1784;&#x1796;&#x17B8;&#x179C;&#x17D0;&#x1799;&#x1780;&#x17BB;&#x1798;&#x17B6;&#x179A;&#x1791;&#x17C5;&#x1796;&#x17C1;&#x1789;&#x179C;&#x17D0;&#x1799; &#x17D4; </subfield>
  </datafield>
  <datafield tag="520" ind1=" " ind2=" ">
    <subfield code="a">Adolescence is the stage of life with the most significant changes for each individual, involving both physical and psychological development. During this time, there are also many misunderstandings and a strong curiosity to explore new experiences in life. This book serves as an essential guide to understanding the transition from childhood to adulthood.</subfield>
  </datafield>
  <datafield tag="650" ind1=" " ind2=" ">
    <subfield code="a">&#x1799;&#x17BB;&#x179C;&#x1787;&#x1793; -- &#x1798;&#x1782;&#x17D2;&#x1782;&#x17BB;&#x1791;&#x17C1;&#x179F;&#x1780;&#x17CD;</subfield>
  </datafield>
  <datafield tag="650" ind1=" " ind2=" ">
    <subfield code="a"> Young adults -- Guidance</subfield>
  </datafield>
  <datafield tag="700" ind1=" " ind2=" ">
    <subfield code="a">Rotha , Ouk</subfield>
    <subfield code="e">Illustrator </subfield>
  </datafield>
  <datafield tag="942" ind1=" " ind2=" ">
    <subfield code="2">ddc</subfield>
    <subfield code="c">KHB</subfield>
    <subfield code="n">0</subfield>
  </datafield>
  <datafield tag="999" ind1=" " ind2=" ">
    <subfield code="c">10152</subfield>
    <subfield code="d">10152</subfield>
  </datafield>
  <datafield tag="952" ind1=" " ind2=" ">
    <subfield code="0">0</subfield>
    <subfield code="1">0</subfield>
    <subfield code="2">ddc</subfield>
    <subfield code="4">0</subfield>
    <subfield code="7">0</subfield>
    <subfield code="8">KH</subfield>
    <subfield code="a">002</subfield>
    <subfield code="b">002</subfield>
    <subfield code="c">SKB</subfield>
    <subfield code="d">2026-04-28</subfield>
    <subfield code="l">0</subfield>
    <subfield code="o">KEK 155.42</subfield>
    <subfield code="p">2026-0546</subfield>
    <subfield code="r">2026-04-28 10:47:00</subfield>
    <subfield code="t">1</subfield>
    <subfield code="w">2026-04-28</subfield>
    <subfield code="y">KHB</subfield>
  </datafield>
  <datafield tag="952" ind1=" " ind2=" ">
    <subfield code="0">0</subfield>
    <subfield code="1">0</subfield>
    <subfield code="2">ddc</subfield>
    <subfield code="4">0</subfield>
    <subfield code="7">0</subfield>
    <subfield code="8">KH</subfield>
    <subfield code="a">002</subfield>
    <subfield code="b">002</subfield>
    <subfield code="c">SKB</subfield>
    <subfield code="d">2026-04-28</subfield>
    <subfield code="l">0</subfield>
    <subfield code="o">KEK 155.42</subfield>
    <subfield code="p">2026-0547</subfield>
    <subfield code="r">2026-04-28 10:50:09</subfield>
    <subfield code="t">2</subfield>
    <subfield code="w">2026-04-28</subfield>
    <subfield code="y">KHB</subfield>
  </datafield>
</record>
